000 00952nam a22003137a 4500
003 CHAP
005 20220329134307.0
008 971013s1903 r 00010 d
010 _a18270
011 _a19242
035 _a23327
040 _cCHAP
082 _a631.5
_bB6
100 0 0 _aBoasso, Pedro Francisco.
_913299
245 _aCultivo de los terrenos según el Solari y sus ventajas económicas
260 _aSevilla :
_b(s.n.),
_c1903
300 _a131 p.
490 _aBiblioteca Agraria Solariana
_v; 3
590 _aBATCH-UPD
_b10
_c20130110
_lUCH01
_h0013
590 _aBATCH-UPD
_b10
_c20130110
_lUCH01
_h1240
590 _aCONVERSION
_b10
_c20130109
_lUCH01
_h1311
650 1 4 _aCereales.
_921370
650 1 4 _aLeguminosas.
_965807
650 1 4 _aSistemas de cultivo.
_9106746
830 0 _aBiblioteca Agraria Solariana
_v; 3
_912223
901 _aBK
942 _cLIBRO
949 _a631.5 B6
_bBC
_cBPP
_d-54348
_eBPP
_h71083
_i23327
_mD
_si
999 _c18270
_d18270